00919nam a2200253Ia 4500001000900000003000500009005001700014008004100031010001100072040000900083082002000092110005900112245009100171260008000262300001100342500010500353503000700458650003600465650002200501650003200523650002500555650001500580710007000595dia_1970CHAP20230508091731.0220117s1969 xx 000 0 und d a172503 cCHAP a338.18 P76 1969 aCentro Internacional de Mejoramiento de Maíz y Trigo aEl proyecto Puebla 1967-69 /c Centro Internacional de Mejoramiento de Maíz y Trigo aMéxico :b Centro Internacional de Mejoramiento de Maíz y Trigo,c1969 a120 p. aEn portada: Avances de un programa para aumentar rendimientos de maíz entre pequeños productores aD. aEconomía de la producción  aFood production  aProducción de alimentos  aProduction economics aZea mays  aCentro Internacional de Mejoramiento de Maíz y Trigo (México)